Rekombinantná príprava proteínových štruktúr z koronavírusu

Salvato in:
Dettagli Bibliografici
Autore principale: Koštialová, Tamara (Autore)
Altri autori: Rebroš, Martin (Relatore della tesi)
Natura: Manoscritto Libro
Lingua:slovacco
Pubblicazione: 2024
Soggetti:
Accesso online:http://is.stuba.sk/zp/portal_zp.pl?podrobnosti=168849
Tags: Aggiungi Tag
Nessun Tag, puoi essere il primo ad aggiungerne!!

MARC

LEADER 00000ntm a22000003a 4500
001 stuzp99462
003 SK-STU
005 20240622211005.4
007 ta
008 150427s2015----xo-----f-mn---000-0-slo-d
040 |a STU  |b slo 
041 0 |a slo 
100 1 |a Koštialová, Tamara  |u 044000  |4 aut  |U FCHPT Fakulta chemickej a potravinárskej technológie  |T FCHPT Ústav biotechnológie  |X 116105  |U C4000  |Y 102  |7 116105 
242 0 1 |a Recombinant Preparation of Protein Structures from Coronavirus  |y eng 
245 1 0 |a Rekombinantná príprava proteínových štruktúr z koronavírusu 
260 |c 2024 
650 4 |a Escherichia coli  |2 slo 
650 4 |a SARS-CoV-2  |2 slo 
650 4 |a hrotový proteín  |2 slo 
650 4 |a RBD  |2 slo 
650 4 |a Escherichia coli  |2 eng 
650 4 |a spike protein  |2 eng 
650 4 |a SARS-CoV-2  |2 eng 
650 4 |a RBD  |2 eng 
700 1 |a Rebroš, Martin  |u 044000  |k Z1  |4 ths  |U FCHPT Fakulta chemickej a potravinárskej technológie  |T FCHPT Ústav biotechnológie  |X 4015  |U C4000  |Y 102  |7 A000004015 
856 4 |u http://is.stuba.sk/zp/portal_zp.pl?podrobnosti=168849